000 00272nam a22001217a 4500
008 170822b xxu||||| |||| 00| 0 eng d
041 _aeng
080 _a51
100 _a38
101 _aMAT
245 _aCALCULUS AND ANALYTIC GEOMETRY
_cRIDDLE.D.F
942 _2udc
_cBK
999 _c24525
_d24525